000 00871 a2200217 4500
005 20080827101957.0
008 080827t xxu||||| |||| 00| 0 eng d
010 _aENG-87254
020 _a9788189972028
_c595.00
035 _aEN-70787
037 _bDBAD / PUB
082 _a363.34
100 _aParsad, S.
245 _aNatural disaster management
_cby S. Parsad
_b(destruction, safety and precautions)
260 _aDelhi
_bManglam Publishers
_c2007
270 _aL-21/1, Street No. 5, Shivaji Marg, Near Kali Mandir, J.P. Nagar, Kartar Nagar, West Ghonda,
_bDelhi
_e110 053
300 _a247p.
_c22cm (Hb )
500 _aIncludes index
942 _adpl
_cEN
_k363.34 / PAR
_2ddc
_h363.34
_mPAR
999 _c6311
_d6311